[Event "GER-chT U20"]
[Site "Berlin"]
[Date "2005.12.30"]
[Round "7.3"]
[White "Lozovoy, Sergej"]
[Black "Lowitz, Torsten"]
[Result "0-1"]
[WhiteElo "1976"]
[BlackElo "2117"]
[PlyCount "72"]
[EventDate "2005.12.27"]
[EventType "team-swiss"]
[EventRounds "7"]
[EventCountry "GER"]
[SourceTitle "EXT 2022"]
[Source "ChessBase"]
[SourceDate "2021.10.06"]
[SourceVersion "1"]
[SourceVersionDate "2021.10.06"]
[SourceQuality "1"]
[WhiteTeam "Plauen Koenig U20"]
[BlackTeam "Puschendorf U20"]
[WhiteTeamCountry "GER"]
[BlackTeamCountry "GER"]

1. Nf3 c5 2. c4 Nc6 3. g3 g6 4. Bg2 Bg7 5. 0-0 d6 6. Nc3 e5 7. d3 Nge7 8. Bd2 0-0 9. Rb1 Rb8 10. a3 a5 11. Nb5 d5 12. cxd5 Nxd5 13. Qc1 b6 14. Bh6 Nd4 15. Nfxd4 exd4 16. Bf4 Nxf4 17. Qxf4 Bd7 18. Nd6 Qe7 19. Ne4 f5 20. Qd6 Rbe8 21. Qxe7 Rxe7 22. Nd6 Rxe2 23. Bf3 Re7 24. b4 f4 25. bxc5 bxc5 26. Rb7 fxg3 27. Bd5+ Kh8 28. hxg3 Bf6 29. Ne4 Bf5 30. Rb5 Bxe4 31. Bxe4 c4 32. Rxa5 c3 33. a4 Rxe4 34. dxe4 d3 35. e5 Bg7 36. f4 d2 0-1

[Event "GER-chT U20"]
[Site "Berlin"]
[Date "2005.12.29"]
[Round "6.3"]
[White "Schnock, Stefan"]
[Black "Lozovoy, Sergej"]
[Result "1-0"]
[WhiteElo "2030"]
[BlackElo "1976"]
[PlyCount "45"]
[EventDate "2005.12.27"]
[EventType "team-swiss"]
[EventRounds "7"]
[EventCountry "GER"]
[SourceTitle "EXT 2022"]
[Source "ChessBase"]
[SourceDate "2021.10.06"]
[SourceVersion "1"]
[SourceVersionDate "2021.10.06"]
[SourceQuality "1"]
[WhiteTeam "Hamburger SK U20"]
[BlackTeam "Plauen Koenig U20"]
[WhiteTeamCountry "GER"]
[BlackTeamCountry "GER"]

1. e4 d5 2. exd5 Qxd5 3. Nc3 Qa5 4. d4 Nf6 5. Nf3 c6 6. Bc4 e6 7. 0-0 Be7 8. Ne5 0-0 9. Qf3 Qd8 10. Bf4 Nd5 11. Nxd5 exd5 12. Bd3 Nd7 13. Nxd7 Bxd7 14. Rfe1 Be6 15. Re3 g6 16. Rae1 Bf6 17. Bc7 Qxc7 18. Qxf6 Qd8 19. Qf4 Rc8 20. h4 Kg7 21. h5 g5 22. Qe5+ Kh6 23. Rf3 1-0

[Event "GER-chT U20"]
[Site "Berlin"]
[Date "2005.12.28"]
[Round "3.3"]
[White "Kohlmann, Adrian"]
[Black "Lozovoy, Sergej"]
[Result "1/2-1/2"]
[WhiteElo "1938"]
[BlackElo "1976"]
[PlyCount "59"]
[EventDate "2005.12.27"]
[EventType "team-swiss"]
[EventRounds "7"]
[EventCountry "GER"]
[SourceTitle "EXT 2022"]
[Source "ChessBase"]
[SourceDate "2021.10.06"]
[SourceVersion "1"]
[SourceVersionDate "2021.10.06"]
[SourceQuality "1"]
[WhiteTeam "Grossenseebach U20"]
[BlackTeam "Plauen Koenig U20"]
[WhiteTeamCountry "GER"]
[BlackTeamCountry "GER"]

1. e4 c5 2. c3 d5 3. exd5 Qxd5 4. d4 Nc6 5. Nf3 Bg4 6. Be2 e6 7. h3 Bxf3 8. Bxf3 Qd7 9. Be3 cxd4 10. cxd4 Nf6 11. 0-0 Rd8 12. Nc3 Be7 13. Qe2 0-0 14. Rad1 Nd5 15. Nxd5 exd5 16. Rc1 Rfe8 17. Rfd1 a5 18. Qd2 Bb4 19. Qd3 Be7 20. a3 a4 21. Bf4 g6 22. Re1 f5 23. Bd1 Ra8 24. Be5 Nxe5 25. Rxe5 Bf6 26. Rxe8+ Rxe8 27. Bf3 b6 28. Qc3 Rd8 29. Qb4 b5 30. Be2 1/2-1/2